Beit Zaman / بيت زمان
محفوظ في:
المؤلف الرئيسي:
مؤلفون آخرون:
التنسيق: كتاب
اللغة: Undetermined
منشور في:
Cairo
IFAO
2023
الوسوم: إضافة وسم
لا توجد وسوم, كن أول من يضع وسما على هذه التسجيلة!
رقم الطلب:
| LEADER | 00346nam a2200133Ia 4500 | ||
|---|---|---|---|
| 008 | 240503s9999||||xx |||||||||||||| ||und|| | ||
| 020 | |a 9781739239718 | ||
| 100 | 1 | |a شريف سنبل | |
| 245 | 1 | 0 | |a Beit Zaman / بيت زمان |
| 264 | 1 | |a Cairo |b IFAO |c 2023 | |
| 300 | |b Plates |c 23 | ||
| 700 | 1 | |a عبدالسلام محمد | |
| 942 | |2 lcc |c BK | ||
| 999 | |c 58340 |d 58340 | ||
